50 rokov prevádzky Sústavy vodných stavieb Liptovská mara - Bešeňová
Priblíženie histórie prípravy a realizácie vodnej stavby Liptovská Mara a súčasný pohľad na jej vodohospoddársku prevádzku s plánmi a výzvami do budúcnosti.
Uložené v:
| Hlavný autor: | |
|---|---|
| Ďalší autori: | |
| Médium: | Kapitola |
| Jazyk: | Slovak |
| Predmet: | |
| Tagy: |
Žiadne tagy, Buďte prvý, kto otaguje tento záznam!
|
MARC
| LEADER | 00000naa a2200000 4500 | ||
|---|---|---|---|
| 001 | 0308568 | ||
| 005 | 20250515085554.5 | ||
| 041 | 0 | |a slo | |
| 044 | |a SK | ||
| 245 | 1 | 0 | |a 50 rokov prevádzky Sústavy vodných stavieb Liptovská mara - Bešeňová |c František Németh, Marián Caban |
| 520 | |a Priblíženie histórie prípravy a realizácie vodnej stavby Liptovská Mara a súčasný pohľad na jej vodohospoddársku prevádzku s plánmi a výzvami do budúcnosti. | ||
| 610 | 2 | 0 | |a prevádzka nepretržitá |
| 610 | 2 | 0 | |a voda |
| 610 | 2 | 0 | |a vodárenstvo |
| 610 | 2 | 0 | |a voda podzemná |
| 610 | 2 | 0 | |a voda povrchová |
| 610 | 2 | 0 | |a Slovensko |
| 610 | 2 | 0 | |a rieky |
| 610 | 2 | 0 | |a zásoby |
| 610 | 2 | 0 | |a vodohospodárstvo |
| 610 | 2 | 0 | |a Liptovská Mara - Bešeňová |
| 100 | 1 | |a Németh, František | |
| 700 | 1 | |a Caban, Marián | |